Příklady mechanizace a automatizace ve strojírenství /

Enregistré dans:
Détails bibliographiques
Auteurs principaux: Koubek, Antonín (Auteur), Leitner, Václav (Auteur)
Format: Livre
Langue:tchèque
Publié: Praha : SNTL, 1964
Édition:1.vyd.
Sujets:
Tags: Ajouter un tag
Pas de tags, Soyez le premier à ajouter un tag!

MARC

LEADER 00000nam a22000003a 4500
001 stu38019
005 20150617225728.3
008 920902s1964----cs------------------cze-d
040 |a STU  |b slo 
041 0 |a cze 
044 |a cs 
080 |a 621 
080 |a 65.011.54 
080 |a 65.011.56 
100 1 |a Koubek, Antonín  |4 aut 
245 1 |a Příklady mechanizace a automatizace ve strojírenství /  |c [aut.]Antonín Koubek, Václav Leitner 
250 |a 1.vyd. 
260 |a Praha :  |b SNTL,  |c 1964 
300 |a 558 s 
650 7 |a strojárstvo  |2 stusub 
650 7 |a mechanizácia  |2 stusub 
650 7 |a automatizácia  |2 stusub 
700 1 |a Leitner, Václav  |4 aut 
996 |b 284M045559  |c M*1045-2  |l MMKN  |s A  |a 24  |w stu38019_0001 
996 |b 284M045558  |c M*1045-3  |l MMKN  |s A  |a 24  |w stu38019_0002